حقوق المواطن الأردني / (رقم التسجيلة. 2779)

تفاصيل مارك
000 -LEADER
fixed length control field 00540nam a22001817a 4500
005 - DATE AND TIME OF LATEST TRANSACTION
control field 20251108164051.0
008 - FIXED-LENGTH DATA ELEMENTS--GENERAL INFORMATION
fixed length control field 250721s1998 xx 000 0 ara d
082 14 - DEWEY DECIMAL CLASSIFICATION NUMBER
Classification number 323.409565/جرا
100 1# - MAIN ENTRY--PERSONAL NAME
Personal name جرادات، صالح أحمد
245 10 - TITLE STATEMENT
Title حقوق المواطن الأردني /
264 1# - PRODUCTION, PUBLICATION, DISTRIBUTION, MANUFACTURE, AND COPYRIGHT NOTICE
Place of production, publication, distribution, manufacture عمان :
Name of producer, publisher, distributor, manufacturer مطبعة الروزنا،
Date of production, publication, distribution, manufacture, or copyright notice 1998.
300 ## - PHYSICAL DESCRIPTION
Extent 260ص.
650 17 - SUBJECT ADDED ENTRY--TOPICAL TERM
Topical term or geographic name as entry element الحقوق المدنية و السياسية
650 17 - SUBJECT ADDED ENTRY--TOPICAL TERM
Topical term or geographic name as entry element الأردن
650 17 - SUBJECT ADDED ENTRY--TOPICAL TERM
Topical term or geographic name as entry element حقوق الإنسان
942 ## - ADDED ENTRY ELEMENTS (KOHA)
Source of classification or shelving scheme Dewey Decimal Classification
Koha item type كتب
المقتنيات
حالة السحب حالة الفقدان مصدر التصنيف حالة التلف غير قابل للإعارة المكتبة الرئيسية المكتبة الحالية موقع الرف تاريخ التزويد الرقم المتسلسل Total Checkouts رقم الإستدعاء تاريخ آخر ظهور تاريخ الفاتورة نوع المادة (كوها) الباركود
    Dewey Decimal Classification Unchecked   مكتبة الأميرة ايمان العامة مكتبة الأميرة ايمان العامة الإعارة 06/07/2004 10149   323.409565/جرا 28/07/2025 06/07/2004 كتب  
    Dewey Decimal Classification Unchecked   مكتبة الاميرة بديعة مكتبة الاميرة بديعة الإعارة 06/07/2004 6220   323.409565/جرا 28/07/2025 06/07/2004 كتب  
    Dewey Decimal Classification Unchecked   مكتبة الحسن العامة مكتبة الحسن العامة الإعارة 06/07/2004 10693   323.409565/جرا 28/07/2025 06/07/2004 كتب  
    Dewey Decimal Classification     مكتبة الراية الهاشمية للأطفال مكتبة الراية الهاشمية للأطفال الإعارة 29/09/2015 1466750   323.409565/جرا 28/07/2025 29/09/2015 كتب PLD00349959
    Dewey Decimal Classification     مكتبة النصر العامة مكتبة النصر العامة الإعارة 13/11/2014 (8960)   323.409565/جرا 28/07/2025 13/11/2014 كتب PLD00310462
    Dewey Decimal Classification   Not For Loan مكتبة تاريخ الأردن مكتبة تاريخ الأردن لا يعار 03/11/2009 1329013   323.409565/جرا 28/07/2025 03/11/2009 كتب PLD00116942
    Dewey Decimal Classification   Not For Loan مكتبة تاريخ الأردن مكتبة تاريخ الأردن لا يعار 14/09/2015 1605246   323.409565/جرا 28/07/2025 14/09/2015 كتب PLD00347055
    Dewey Decimal Classification Unchecked   مكتبة حمزة العامة مكتبة حمزة العامة الإعارة 06/07/2004 5830   323.409565/جرا 28/07/2025 06/07/2004 كتب  
    Dewey Decimal Classification     مكتبة صويلح العامة مكتبة صويلح العامة الإعارة 17/03/2016 [13121   323.409565/جرا 28/07/2025 17/03/2016 كتب PLD00380722
    Dewey Decimal Classification   Not For Loan مكتبة منتدى الرواد مكتبة منتدى الرواد لا يعار 17/11/2011 1502590   323.409565/جرا 28/07/2025 17/11/2011 كتب PLD00231657
    Dewey Decimal Classification     مكتبة وادي السير العامة مكتبة وادي السير العامة الإعارة 13/04/2016 [7074].   323.409565/جرا 28/07/2025 13/04/2016 كتب PLD00386185
Implemented & Customized by: BBB with SCIT (Smart Chains for Information Technology)

Powered by Koha